| 000 | 00751nam a2200241 a 4500 | ||
|---|---|---|---|
| 001 | 000025151 | ||
| 005 | 20200930023606.0 | ||
| 008 | 110208s2000 sp r 000 | spa d | ||
| 020 | _a848021290X | ||
| 040 |
_aDO-SdBNP _bspa _cBNPHU |
||
| 082 |
_axxx _bP391d |
||
| 100 | 1 |
_aPellicer, Carmen _951577 |
|
| 245 | 1 | 4 |
_aLos dibujos de los zurdos : _bpercepción y lateralidad / _cCarmen Pellicer. |
| 260 |
_a[Castelló de la Plana] : _bUniversitat Jaume I, _c2000. |
||
| 300 |
_a139 p. : _bil. ; _c30 cm. |
||
| 490 | 1 |
_aEducació _v3 |
|
| 490 | 1 | _aUniversitat Jaume I | |
| 504 | _aBibliografía : 133-139 | ||
| 700 | 1 |
_aValle, María Teresa La _etr. _951565 |
|
| 830 | 0 |
_aUniversitat Jaume I _951578 |
|
| 830 | 0 |
_aEducació , _v3 _951579 |
|
| 049 | _aBNGR | ||
| 999 |
_c24644 _d24644 |
||